000 00450nam a2200157 4500
001 128069
003 ES-MaACL
005 20230906193143.0
007 t|
008 070214s1973 sp r ||||1| cat d
100 1 _aRipoll, Luis.
_997431
245 1 0 _aLlibre de cuina mallorquina /
_cLuis Ripoll.
260 _aCiutat de Mallorca :
_b[s.n.],
_c1973 (
_fImp. Alcover)
300 _a174 p., 3 lám. ;
_c17 cm.
852 _aES-MaACL
_jC-55778
_bR.88213
999 _c128069
_d128069